00417nam a2200157Ia 4500008004100000082001000041100002700051245002900078250000600107260002600113300000800139600002700147630002900174700002700203730002900230090124s9999 xx 000 0 und d b40489 aPARKINSON C. NORTHCOTE aTHE LAW AND THE PROFITS  a0 bOBERT LANCASTERc1960 a192 aPARKINSON C. NORTHCOTE aTHE LAW AND THE PROFITS  aPARKINSON C. NORTHCOTE aTHE LAW AND THE PROFITS